000 00340pab a2200157 454500
008 180718b1988 xxu||||| |||| 00| 0 eng d
100 _aKadhim, M.B.
245 _aCity profile
260 _c1988
300 _a318-25
362 _aNov.
650 _aCities And Towns - Growth
700 _aY. Raggal
773 _aCities
909 _a5367
999 _c5367
_d5367